[Event "Asia zt 3.2"]
[Site "Dhaka"]
[Date "2023.05.02"]
[Round "1"]
[White "Akramul, Azam"]
[Black "Amer, Karim"]
[Result "0-1"]
[WhiteElo "1651"]
[BlackElo "2071"]
[PlyCount "112"]
[EventDate "2023.05.02"]
[EventType "swiss"]
[EventRounds "9"]
[EventCountry "BAN"]
[SourceTitle "CBM 214 Extra"]
[Source "ChessBase"]
[SourceDate "2023.07.31"]
[SourceVersion "1"]
[SourceVersionDate "2023.07.31"]
[SourceQuality "1"]

1. e4 c5 2. Bc4 e6 3. Nc3 Nc6 4. a3 Nf6 5. d3 d5 6. Bb5 Be7 7. e5 Nd7 8. Bf4 0-0 9. Bxc6 bxc6 10. Qg4 f5 11. exf6 Nxf6 12. Qe2 e5 13. Bxe5 Ng4 14. Bg3 Bg5 15. Qd1 Qa5 16. Nge2 d4 17. b4 cxb4 18. axb4 Bd2+ 19. Kxd2 Qxb4 20. Ra4 dxc3+ 21. Nxc3 Qc5 22. Rxg4 Bxg4 23. Qxg4 a5 24. Rb1 Ra7 25. Ne4 Qd5 26. c4 Qd4 27. Qe6+ Kh8 28. Be5 Qd8 29. Rb8 Qxb8 30. Bxb8 Rxb8 31. Ng5 h6 32. Nf7+ Kh7 33. Qe4+ Kg8 34. Qe5 Rba8 35. Nd6 a4 36. c5 a3 37. Qa1 a2 38. Nc4 Rb8 39. Nb6 Rd8 40. Nc4 Rd5 41. Kc3 Rxc5 42. d4 Rb5 43. Nd2 Ra3+ 44. Kc4 Ra4+ 45. Kd3 Rbb4 46. f3 Rxd4+ 47. Kc3 Rdb4 48. Nb3 Rb8 49. Qd1 Ra3 50. Qa1 Rbxb3+ 51. Kc2 Rb8 52. Kd2 Raa8 53. Ke3 Rb1 54. Qc3 a1Q 55. Qxc6 Qe5+ 56. Kd2 Rd8+ 0-1